[Event "Klaipeda Rooks Cup"]
[Site "Klaipeda"]
[Date "2020.09.26"]
[Round "3"]
[White "Zirnovas, Martynas"]
[Black "Vainauskas, Haroldas"]
[Result "1-0"]
[WhiteElo "1808"]
[BlackElo "1331"]
[PlyCount "35"]
[EventDate "2020.09.20"]
[EventType "swiss"]
[EventRounds "9"]
[EventCountry "LTU"]
[SourceTitle "CBM 198 Extra"]
[Source "ChessBase"]
[SourceDate "2020.11.30"]
[SourceVersion "1"]
[SourceVersionDate "2020.11.30"]
[SourceQuality "1"]

1. e4 e5 2. Nf3 Nc6 3. Bb5 f5 4. Nc3 fxe4 5. Nxe4 d5 6. Nxe5 dxe4 7. Nxc6 Qg5 8. Qe2 Nf6 9. f4 Qxf4 10. d4 Qh4+ 11. g3 Qh3 12. Bg5 Qf5 13. Bxf6 gxf6 14. Rf1 Qe6 15. Qh5+ Kd7 16. Ne5+ Kd6 17. Nc4+ Ke7 18. Qe8# 1-0

[Event "LTU-ch sf"]
[Site "Klaipeda"]
[Date "2019.10.19"]
[Round "5"]
[White "Chacatrian, Ruben"]
[Black "Vainauskas, Haroldas"]
[Result "0-1"]
[WhiteElo "1283"]
[BlackElo "1331"]
[PlyCount "60"]
[EventDate "2019.10.05"]
[EventType "swiss"]
[EventRounds "8"]
[EventCountry "LTU"]
[SourceTitle "CBM 192 Extra"]
[Source "Chessbase"]
[SourceDate "2019.11.06"]
[SourceVersion "1"]
[SourceVersionDate "2019.11.06"]
[SourceQuality "1"]

1. e4 e5 2. Nf3 Nc6 3. Bc4 Bc5 4. d3 d6 5. Nc3 Nf6 6. Bg5 h6 7. Be3 Bb6 8. Qd2 Ba5 9. 0-0-0 Bg4 10. h3 Bxf3 11. gxf3 Nd4 12. f4 Bxc3 13. Qxc3 Ne2+ 14. Kb1 Nxc3+ 15. bxc3 exf4 16. Bxf4 0-0 17. Rhg1 Kh7 18. Rg2 b5 19. Bb3 a5 20. Rdg1 Nh5 21. Be3 c5 22. Bd5 Rb8 23. a3 b4 24. Kb2 bxa3+ 25. Kxa3 Qb6 26. Bc1 Qb1 27. f4 Qa1+ 28. Ba2 Qxc3+ 29. Bb3 a4 30. Bb2 Rxb3+ 0-1

[Event "Klaipeda Sea op-B 16th"]
[Site "Klaipeda"]
[Date "2019.07.23"]
[Round "2"]
[White "Povilavicius, Vytas"]
[Black "Vainauskas, Haroldas"]
[Result "1-0"]
[WhiteElo "1667"]
[BlackElo "1378"]
[PlyCount "61"]
[EventDate "2019.07.22"]
[EventType "swiss"]
[EventRounds "7"]
[EventCountry "LTU"]
[SourceTitle "CBM 191 Extra"]
[Source "ChessBase"]
[SourceDate "2019.09.30"]
[SourceVersion "1"]
[SourceVersionDate "2019.09.30"]
[SourceQuality "1"]

1. d4 Nf6 2. c4 g6 3. Nc3 d5 4. Bf4 Bg7 5. e3 0-0 6. Nf3 c5 7. dxc5 Qa5 8. Qa4 Qxc5 9. Qb5 Qc6 10. Nd4 Qxb5 11. Ncxb5 Na6 12. Be2 Re8 13. cxd5 Nxd5 14. Bg3 e5 15. Nf3 Bd7 16. Nd6 Re7 17. Nxb7 Nab4 18. 0-0 f5 19. a3 Nc6 20. Bc4 Be6 21. Nc5 Bf7 22. Ng5 Nb6 23. Bxf7+ Rxf7 24. Nxf7 Kxf7 25. Rac1 Ne7 26. Rfd1 g5 27. f3 Nbd5 28. Bf2 Nf6 29. e4 f4 30. Nd3 Re8 31. Rc7 1-0

[Event "Plunge op-A 39th"]
[Site "Plateliai"]
[Date "2019.07.20"]
[Round "8"]
[White "Griksaite, Leva"]
[Black "Vainauskas, Haroldas"]
[Result "1-0"]
[WhiteElo "1296"]
[BlackElo "1410"]
[PlyCount "65"]
[EventDate "2019.07.15"]
[EventType "swiss"]
[EventRounds "9"]
[EventCountry "LTU"]
[SourceTitle "EXT 2020"]
[Source "ChessBase"]
[SourceDate "2019.10.17"]
[SourceVersion "1"]
[SourceVersionDate "2019.10.17"]
[SourceQuality "1"]

1. e4 e5 2. Nf3 Nc6 3. Bc4 Bc5 4. c3 Nf6 5. d4 exd4 6. e5 Ng8 7. cxd4 Bb4+ 8. Nc3 Bxc3+ 9. bxc3 d5 10. exd6 Qxd6 11. 0-0 Nge7 12. Qb3 0-0 13. Ba3 Qf6 14. Rae1 Re8 15. d5 Nb8 16. Bxe7 Rxe7 17. Rxe7 Qxe7 18. d6 cxd6 19. Re1 Qd7 20. Bxf7+ Kf8 21. Re8+ Qxe8 22. Bxe8 Kxe8 23. Qg8+ Kd7 24. Qxg7+ Kc6 25. Nd4+ Kb6 26. Qxh7 Nc6 27. Nxc6 bxc6 28. Qe7 Kc5 29. Qe3+ Kd5 30. Qd4+ Ke6 31. Qc4+ Kd7 32. Qf7+ Kd8 33. h4 1-0

[Event "Plunge op-A 39th"]
[Site "Plateliai"]
[Date "2019.07.19"]
[Round "7"]
[White "Vainauskas, Haroldas"]
[Black "Slusnys, Evaldas"]
[Result "1-0"]
[WhiteElo "1410"]
[BlackElo "1779"]
[PlyCount "133"]
[EventDate "2019.07.15"]
[EventType "swiss"]
[EventRounds "9"]
[EventCountry "LTU"]
[SourceTitle "CBM 191 Extra"]
[Source "ChessBase"]
[SourceDate "2019.09.30"]
[SourceVersion "1"]
[SourceVersionDate "2019.09.30"]
[SourceQuality "1"]

1. d4 d5 2. c4 e6 3. Nc3 Nf6 4. Bf4 c6 5. e3 Be7 6. Nf3 Nbd7 7. Bd3 dxc4 8. Bxc4 Nd5 9. Nxd5 exd5 10. Bd3 0-0 11. 0-0 Re8 12. Ne5 Nf8 13. a3 g6 14. Qc2 Ne6 15. Bh6 Bf8 16. Bxf8 Rxf8 17. b4 a6 18. Rfc1 Ng7 19. Qb3 Bf5 20. Rc3 Bxd3 21. Nxd3 Nf5 22. Nc5 Qe7 23. Rac1 Rfe8 24. Rd3 Nd6 25. Rdd1 Kg7 26. h3 Nc4 27. Ra1 Qc7 28. Nd3 b5 29. Nc5 Ra7 30. Ra2 a5 31. Rda1 Rea8 32. Kh1 a4 33. Qc3 Re8 34. Re2 f5 35. g3 Qd6 36. Kg2 Rae7 37. Rae1 Qf6 38. Nd3 g5 39. Kh2 h5 40. Rg1 Re4 41. Ree1 h4 42. gxh4 Rxh4 43. Rg3 Reh8 44. Reg1 Kf8 45. Kg2 Qh6 46. Rh1 Qf6 47. Nc5 Ke7 48. Nd3 Kd6 49. Ne1 g4 50. Nd3 Rxh3 51. Rgxh3 gxh3+ 52. Rxh3 Qg5+ 53. Rg3 Qh5 54. Qc1 Qh2+ 55. Kf1 Qh1+ 56. Rg1 Qf3 57. Ne1 Qh3+ 58. Ke2 f4 59. Nf3 fxe3 60. fxe3 Re8 61. Ne5 Qh2+ 62. Kd3 Qh7+ 63. Ke2 Nxe5 64. dxe5+ Kc7 65. Qc5 Qh2+ 66. Kd3 Qxe5 67. Rg7+ 1-0

[Event "Plunge op-A 39th"]
[Site "Plateliai"]
[Date "2019.07.18"]
[Round "6"]
[White "Barsciauskas, Gintautas"]
[Black "Vainauskas, Haroldas"]
[Result "1-0"]
[WhiteElo "1571"]
[BlackElo "1410"]
[PlyCount "49"]
[EventDate "2019.07.15"]
[EventType "swiss"]
[EventRounds "9"]
[EventCountry "LTU"]
[SourceTitle "CBM 191 Extra"]
[Source "ChessBase"]
[SourceDate "2019.09.30"]
[SourceVersion "1"]
[SourceVersionDate "2019.09.30"]
[SourceQuality "1"]

1. Nf3 Nf6 2. d4 g6 3. c4 Bg7 4. Nc3 d5 5. e3 0-0 6. Be2 h6 7. 0-0 Be6 8. cxd5 Nxd5 9. e4 Nxc3 10. bxc3 c5 11. Be3 Bg4 12. Qd2 Kh7 13. h3 Bxf3 14. Bxf3 Nc6 15. Rfd1 Qa5 16. Qb2 cxd4 17. cxd4 Rab8 18. Rd2 Rfd8 19. Rad1 e6 20. g4 Bf8 21. Rd3 Rd7 22. Rb3 Qa4 23. Be2 a6 24. f4 Na5 25. Rc3 1-0

[Event "LTU-chT"]
[Site "Lithuania"]
[Date "2019.03.31"]
[Round "5.4"]
[White "Vainauskas, Haroldas"]
[Black "Steponavicius, Petras"]
[Result "1-0"]
[WhiteElo "1393"]
[BlackElo "1813"]
[PlyCount "91"]
[EventDate "2019.01.26"]
[EventType "team-swiss"]
[EventRounds "7"]
[EventCountry "LTU"]
[SourceTitle "CBM 189 Extra"]
[Source "ChessBase"]
[SourceDate "2019.06.03"]
[SourceVersion "1"]
[SourceVersionDate "2019.06.03"]
[SourceQuality "1"]
[WhiteTeam "Klaipeda Bokstas"]
[BlackTeam "Vilnius Pasaku II"]
[WhiteTeamCountry "LTU"]
[BlackTeamCountry "LTU"]

1. d4 Nf6 2. c4 e6 3. Nc3 Bb4 4. Bg5 d5 5. Nf3 0-0 6. e3 Nbd7 7. a3 Be7 8. c5 Ne4 9. Nxe4 dxe4 10. Bxe7 Qxe7 11. Nd2 f5 12. Bc4 Kh8 13. 0-0 e5 14. b4 Nf6 15. Qb3 Bd7 16. Rfe1 Rad8 17. f3 Rfe8 18. Bf7 Rf8 19. Bc4 a6 20. a4 Be8 21. Qc3 exf3 22. Nxf3 e4 23. Ne5 Ng4 24. Nxg4 fxg4 25. b5 g3 26. hxg3 Qg5 27. Rf1 Bg6 28. bxa6 bxa6 29. Bxa6 Qxg3 30. Rxf8+ Rxf8 31. Rf1 Rf3 32. Be2 Rxf1+ 33. Bxf1 Be8 34. a5 h5 35. Qd2 Kg8 36. Bc4+ Kf8 37. Qf2+ Qxf2+ 38. Kxf2 Bc6 39. Kg3 Ke7 40. d5 Ba8 41. c6 Kd6 42. Ba6 Bxc6 43. dxc6 Kxc6 44. Be2 Kc5 45. a6 Kb6 46. Kf4 1-0

[Event "Klaipeda Sea op-A 15th"]
[Site "Klaipeda"]
[Date "2018.07.28"]
[Round "6"]
[White "Vainauskas, Haroldas"]
[Black "Scekaciov, Rostislav"]
[Result "1/2-1/2"]
[WhiteElo "1438"]
[BlackElo "1455"]
[PlyCount "30"]
[EventDate "2018.07.23"]
[EventType "swiss"]
[EventRounds "7"]
[EventCountry "LTU"]
[SourceTitle "CBM 186 Extra"]
[Source "ChessBase"]
[SourceDate "2018.08.24"]
[SourceVersion "1"]
[SourceVersionDate "2018.08.24"]
[SourceQuality "1"]

1. d4 d6 2. c4 Nf6 3. Nf3 g6 4. Nc3 Bg7 5. Bf4 0-0 6. e3 Nbd7 7. Be2 Nh5 8. Bg3 Nxg3 9. hxg3 e5 10. Qd2 f5 11. 0-0-0 e4 12. Ne1 Nf6 13. Nc2 a5 14. Rh2 c6 15. Rdh1 h5 1/2-1/2

[Event "Vilnius Boksto op"]
[Site "Vilnius"]
[Date "2018.04.22"]
[Round "3"]
[White "Gluchaciov, Nikolaj"]
[Black "Vainauskas, Haroldas"]
[Result "1/2-1/2"]
[WhiteElo "1756"]
[BlackElo "1437"]
[PlyCount "86"]
[EventDate "2018.04.08"]
[EventType "swiss"]
[EventRounds "7"]
[EventCountry "LTU"]
[SourceTitle "CBM 184 Extra"]
[Source "ChessBase"]
[SourceDate "2018.06.28"]
[SourceVersion "1"]
[SourceVersionDate "2018.06.28"]
[SourceQuality "1"]

1. e4 e5 2. Nf3 Nc6 3. d4 exd4 4. Nxd4 Nge7 5. c4 Nxd4 6. Qxd4 Nc6 7. Qd1 Bc5 8. Bd3 d6 9. 0-0 Be6 10. Nd2 Qd7 11. Kh1 0-0-0 12. Nb3 Bb6 13. Be3 Bxe3 14. fxe3 Ne5 15. Qc2 g5 16. Nd4 g4 17. Be2 Rdg8 18. Nf5 h5 19. c5 Bxf5 20. exf5 d5 21. f6 Kb8 22. Qc3 Qe6 23. Rf4 h4 24. Raf1 g3 25. h3 Ng6 26. Bg4 Qe5 27. Rd4 Re8 28. Bd7 Rd8 29. Rf5 Rxd7 30. Rxe5 Nxe5 31. Rf4 Ng6 32. Ra4 Re8 33. Qa5 a6 34. Qb4 Re6 35. Ra3 Rxf6 36. Kg1 Ka7 37. Rb3 c6 38. Qd4 Rf2 39. Rd3 Re7 40. Rd2 Re4 41. Qc3 Rc4 42. Qb3 Rxd2 43. Qb6+ Kb8 1/2-1/2

[Event "Vilnius Boksto op"]
[Site "Vilnius"]
[Date "2018.04.21"]
[Round "2"]
[White "Vainauskas, Haroldas"]
[Black "Borisovaite, Ana"]
[Result "1/2-1/2"]
[WhiteElo "1437"]
[BlackElo "1369"]
[PlyCount "85"]
[EventDate "2018.04.08"]
[EventType "swiss"]
[EventRounds "7"]
[EventCountry "LTU"]
[SourceTitle "CBM 184 Extra"]
[Source "ChessBase"]
[SourceDate "2018.06.28"]
[SourceVersion "1"]
[SourceVersionDate "2018.06.28"]
[SourceQuality "1"]

1. d4 Nf6 2. Bf4 e6 3. e3 d5 4. Nf3 b6 5. c3 Bb7 6. Bd3 Nbd7 7. Nbd2 c5 8. 0-0 Be7 9. Qe2 0-0 10. Ne5 Nxe5 11. Bxe5 Nd7 12. Bg3 Bf6 13. Nf3 Re8 14. Bb5 a6 15. Bxd7 Qxd7 16. Ne5 Bxe5 17. Bxe5 f6 18. Bg3 e5 19. Qd2 a5 20. Rfd1 cxd4 21. cxd4 e4 22. Rac1 Rac8 23. h3 Ba6 24. Rxc8 Rxc8 25. Rc1 Bd3 26. Rc3 a4 27. Qc1 Ba6 28. Rxc8+ Qxc8 29. Qxc8+ Bxc8 30. Kf1 Ba6+ 31. Ke1 Bc4 32. a3 Kf7 33. Bc7 b5 34. Ba5 f5 35. h4 Kg6 36. g3 Kh5 37. Bc7 h6 38. Bd8 Kg4 39. Be7 Kh5 40. Bd8 g5 41. hxg5 hxg5 42. Be7 g4 43. Bd6 1/2-1/2

[Event "Vilnius Boksto op"]
[Site "Vilnius"]
[Date "2018.04.08"]
[Round "1"]
[White "Sibajeva, Marija"]
[Black "Vainauskas, Haroldas"]
[Result "1/2-1/2"]
[WhiteElo "1972"]
[BlackElo "1437"]
[PlyCount "97"]
[EventDate "2018.04.08"]
[EventType "swiss"]
[EventRounds "7"]
[EventCountry "LTU"]
[SourceTitle "CBM 184 Extra"]
[Source "ChessBase"]
[SourceDate "2018.06.28"]
[SourceVersion "1"]
[SourceVersionDate "2018.06.28"]
[SourceQuality "1"]

1. e4 e5 2. Nf3 Nc6 3. Bb5 f5 4. Nc3 fxe4 5. Nxe4 d5 6. Ng3 Bd6 7. Qe2 Qe7 8. 0-0 Nf6 9. Re1 Bg4 10. h3 Bxf3 11. Qxf3 0-0 12. Bxc6 bxc6 13. d3 Qd7 14. Qe2 Rae8 15. Be3 a6 16. Qd2 e4 17. Ne2 Qe7 18. d4 Nh5 19. Rf1 h6 20. Qa5 Ra8 21. c4 Qe6 22. Nc3 Nf6 23. c5 Be7 24. Qxc7 Rfb8 25. b3 Bd8 26. Qg3 Kh7 27. Ne2 Qe7 28. Bf4 Nh5 29. Qg4 Nxf4 30. Nxf4 Qf6 31. Rad1 Ba5 32. Nh5 Qg6 33. Qxg6+ Kxg6 34. Ng3 Bc3 35. Ne2 Bb4 36. Rc1 a5 37. Nc3 Bxc3 38. Rxc3 Rb4 39. Rd1 a4 40. Rd2 axb3 41. Rxb3 Rxb3 42. axb3 Rb8 43. Ra2 Rxb3 44. Ra4 Rd3 45. Kf1 Kf5 46. Ke2 g5 47. Rb4 h5 48. Ra4 h4 49. Rb4 1/2-1/2

[Event "LTU-ch"]
[Site "Kaunas"]
[Date "2018.03.02"]
[Round "1"]
[White "Salna, Aleksandras"]
[Black "Vainauskas, Haroldas"]
[Result "1-0"]
[WhiteElo "1925"]
[BlackElo "1473"]
[PlyCount "49"]
[EventDate "2018.03.02"]
[EventType "swiss"]
[EventRounds "9"]
[EventCountry "LTU"]
[SourceTitle "CBM 183 Extra"]
[Source "ChessBase"]
[SourceDate "2018.04.19"]
[SourceVersion "1"]
[SourceVersionDate "2018.04.19"]
[SourceQuality "1"]

1. d4 Nf6 2. Nf3 g6 3. Bf4 d5 4. e3 Bg7 5. Be2 0-0 6. 0-0 b6 7. a4 a5 8. Na3 Ba6 9. c4 e6 10. Rc1 Qd7 11. Nb5 c6 12. Nc7 Ra7 13. Nxa6 Nxa6 14. Ne5 Qb7 15. cxd5 cxd5 16. Nc6 Raa8 17. Bd6 Rfe8 18. Bb5 Kh8 19. Ne5 Ne4 20. Bxe8 Rxe8 21. Ba3 Bxe5 22. dxe5 Nec5 23. b3 Qb8 24. Qe2 Qxe5 25. Bb2 1-0

[Event "Klaipeda Sea op-A 14th"]
[Site "Klaipeda"]
[Date "2017.07.29"]
[Round "6"]
[White "Vainauskas, Haroldas"]
[Black "Pidluznij, Gleb"]
[Result "0-1"]
[WhiteElo "1315"]
[BlackElo "1756"]
[PlyCount "101"]
[EventDate "2017.07.24"]
[EventType "swiss"]
[EventRounds "7"]
[EventCountry "LTU"]
[SourceTitle "CBM 179 Extra"]
[Source "ChessBase"]
[SourceDate "2017.08.23"]
[SourceVersion "1"]
[SourceVersionDate "2017.08.23"]
[SourceQuality "1"]

1. d4 Nf6 2. Bf4 c5 3. e3 Qb6 4. Na3 d6 5. Nc4 Qc7 6. Bd3 b5 7. Nd2 c4 8. Be2 Bb7 9. Bf3 Nd5 10. Ne2 e6 11. e4 Nxf4 12. Nxf4 Be7 13. c3 0-0 14. 0-0 Nd7 15. Qc2 Rfc8 16. Rad1 Nb6 17. Rfe1 Re8 18. Nb1 Rad8 19. Rd2 Bg5 20. g3 Qe7 21. Rde2 Bxf4 22. gxf4 Rd7 23. Kh1 Qf6 24. Qd2 e5 25. f5 h6 26. Rg1 d5 27. Qe3 exd4 28. cxd4 dxe4 29. Rd2 Nd5 30. Qe2 Qxf5 31. Bg4 e3 32. f3 Nf4 33. Qe1 Qd5 34. Nc3 Qc6 35. d5 Nxd5 36. Bxd7 Qxd7 37. Nxd5 Bxd5 38. Rxg7+ Kxg7 39. Rg2+ Kf8 40. Qh4 Re6 41. Qd4 e2 42. Qc5+ Qd6 43. Qc8+ Re8 44. Rg8+ Kxg8 45. Qxe8+ Kg7 46. Qxe2 Qf4 47. Qg2+ Kh7 48. Qc2+ f5 49. Qc3 Qxf3+ 50. Qxf3 Bxf3+ 51. Kg1 0-1